Random Cities on the World Map #1 - Statistics

General Stats
  • This quiz has been taken 182 times
  • The average score is 15 of 21
Answers on the Map
Answers color-coded by a green-red scale on the quiz's map according to % correct below.
 
Answer Stats
Answer % Correct
Vancouver
93%
Casablanca
91%
Brisbane
81%
Cork
81%
Krakow
81%
Palermo
79%
Christchurch
77%
Izmir
75%
Port Moresby
75%
Belgrade
73%
Busan
72%
Thessaloniki
71%
Yangon
67%
Buffalo
65%
Port of Spain
63%
Benghazi
58%
Guayaquil
57%
Ahmedabad
56%
Kano
56%
Moroni
54%
Rosario
42%
No matching quizzes found
Score Distribution
Percent of People with Each Score
Percentile by Number Answered
Your Score History
You have not taken this quiz